[Event "GER-chT U14"]
[Site "Willingen"]
[Date "2021.06.25"]
[Round "3.7"]
[White "Polzin, Gustav"]
[Black "Popovici, Liviu Daniel"]
[Result "1-0"]
[WhiteElo "1566"]
[BlackElo "1505"]
[PlyCount "73"]
[EventDate "2021.06.23"]
[EventType "team-swiss"]
[EventRounds "7"]
[EventCountry "GER"]
[SourceTitle "EXT 2022"]
[Source "ChessBase"]
[SourceDate "2021.10.06"]
[SourceVersion "1"]
[SourceVersionDate "2021.10.06"]
[SourceQuality "1"]
[WhiteTeam "Halle USV"]
[BlackTeam "Vaterstetten Grasbrunn"]
[WhiteTeamCountry "GER"]
[BlackTeamCountry "GER"]

1. e4 c5 2. Nf3 d6 3. d4 cxd4 4. Nxd4 Nf6 5. Nc3 a6 6. f3 e5 7. Nb3 Be6 8. Be3 Be7 9. Qd2 Nbd7 10. g4 h6 11. 0-0-0 Rc8 12. Nd5 Bxd5 13. exd5 Qc7 14. Kb1 Nb6 15. Bxb6 Qxb6 16. Bd3 Nd7 17. h4 g6 18. h5 g5 19. Bf5 Qc7 20. Rhe1 Rb8 21. Re3 Bf6 22. Qb4 Be7 23. Rc3 Qd8 24. a3 Rg8 25. Ka2 Rh8 26. Qe4 Nf6 27. Qa4+ Kf8 28. Na5 Qb6 29. Rb3 Qf2 30. Nc6 Re8 31. Rxb7 Qxf3 32. Rd3 Qf4 33. Rb4 Qf2 34. Qxa6 Qg2 35. Nxe7 Rxe7 36. Qxd6 Qxc2 37. Qxf6 1-0

[Event "GER-chT U14"]
[Site "Magdeburg"]
[Date "2019.12.30"]
[Round "7.7"]
[White "Popovici, Liviu Daniel"]
[Black "Weidemann, Jakob"]
[Result "1/2-1/2"]
[WhiteElo "1526"]
[BlackElo "1565"]
[PlyCount "49"]
[EventDate "2019.12.27"]
[EventType "team-swiss"]
[EventRounds "7"]
[EventCountry "GER"]
[SourceTitle "CBM 194 Extra"]
[Source "ChessBase"]
[SourceDate "2020.03.31"]
[SourceVersion "1"]
[SourceVersionDate "2020.03.31"]
[SourceQuality "1"]
[WhiteTeam "Vaterstetten Grasbrunn"]
[BlackTeam "Muenster 32"]
[WhiteTeamCountry "GER"]
[BlackTeamCountry "GER"]

1. e4 c5 2. Nf3 d6 3. d4 cxd4 4. Nxd4 Nf6 5. Nc3 g6 6. Be3 Bg7 7. h3 0-0 8. Be2 Nc6 9. Qd2 a6 10. 0-0 d5 11. exd5 Nxd5 12. Nxd5 Nxd4 13. Bxd4 Qxd5 14. Rfd1 Rd8 15. c3 Bxd4 16. Qxd4 Qxd4 17. Rxd4 Rxd4 18. cxd4 Be6 19. b3 Rd8 20. Rd1 Bd5 21. Kf1 Rc8 22. Bd3 a5 23. f3 Kg7 24. Ke2 Kf6 25. Be4 1/2-1/2

[Event "GER-chT U12"]
[Site "Magdeburg"]
[Date "2017.12.29"]
[Round "5.3"]
[White "Popovici, Liviu Daniel"]
[Black "Roell, Lea"]
[Result "1/2-1/2"]
[WhiteElo "1265"]
[BlackElo "1208"]
[PlyCount "94"]
[EventDate "2017.12.26"]
[EventType "team-swiss"]
[EventRounds "7"]
[EventCountry "GER"]
[SourceTitle "CBM 182 Extra"]
[Source "ChessBase"]
[SourceDate "2018.02.23"]
[SourceVersion "1"]
[SourceVersionDate "2018.02.23"]
[SourceQuality "1"]
[WhiteTeam "Muenchen Tarrasch"]
[BlackTeam "Vaterstetten"]
[WhiteTeamCountry "GER"]
[BlackTeamCountry "GER"]

1. e4 c6 2. d4 d5 3. Nc3 dxe4 4. Nxe4 Bf5 5. Ng3 Bg6 6. h4 h6 7. h5 Bh7 8. Nf3 Nd7 9. Bd3 Bxd3 10. Qxd3 Ngf6 11. Bd2 e6 12. 0-0-0 Bd6 13. Ne4 Nxe4 14. Qxe4 Nf6 15. Qe2 0-0 16. g4 Nxg4 17. Rhg1 f5 18. Qxe6+ Rf7 19. Rde1 Qe7 20. Qc4 Qd7 21. Nh4 Kh7 22. f3 Nf6 23. Qd3 Nxh5 24. Rg2 Bg3 25. Rh1 Qe6 26. Kb1 Qf6 27. Nxf5 Qxf5 28. Rxh5 Qxd3 29. cxd3 Bf4 30. Bxf4 Rxf4 31. Rf2 Rxd4 32. Rd2 Rf8 33. Rh3 Rd5 34. a3 Re8 35. f4 Rd4 36. Rf3 Kg6 37. Kc2 c5 38. Kc3 Red8 39. Rg2+ Kf6 40. f5 R4d6 41. Rg6+ Kf7 42. Rgg3 b5 43. Rg4 Kf6 44. Rg6+ Kf7 45. Rg4 Kf6 46. Rfg3 Kxf5 47. Rxg7 R8d7 1/2-1/2

[Event "ROM-ch U10"]
[Site "Calimanesti"]
[Date "2015.04.04"]
[Round "7"]
[White "Popovici, Liviu Daniel"]
[Black "Ferentiu, Raul Florin"]
[Result "0-1"]
[WhiteElo "1078"]
[BlackElo "1282"]
[PlyCount "90"]
[EventDate "2015.03.30"]
[EventType "swiss"]
[EventRounds "9"]
[EventCountry "ROU"]
[SourceTitle "CBM 165 Extra"]
[Source "ChessBase"]
[SourceDate "2015.04.21"]
[SourceVersion "1"]
[SourceVersionDate "2015.04.21"]
[SourceQuality "1"]

1. e4 c5 2. Nf3 a6 3. c4 e6 4. Nc3 Nc6 5. d4 cxd4 6. Nxd4 e5 7. Nf3 Nf6 8. Be3 Bb4 9. Be2 Bxc3+ 10. bxc3 Nxe4 11. Qc2 Nf6 12. Qd1 Qc7 13. Qd2 Na5 14. c5 Nc6 15. Bc4 Ne7 16. g3 Qc6 17. Qe2 Ne4 18. 0-0 Qc7 19. Qd3 Nxc5 20. Bxc5 Qxc5 21. Rfe1 f6 22. Re2 d5 23. Bb3 e4 24. Qe3 Qxe3 25. Rxe3 exf3 26. Rxf3 Kd8 27. Kf1 Re8 28. Rd1 Bh3+ 29. Ke2 Kc7 30. Rf4 Ng6+ 31. Kf3 Nxf4 32. Kxf4 Re4+ 33. Kf3 Bg4+ 34. Kg2 Bxd1 35. Bxd1 Rae8 36. Bf3 Rc4 37. Bxd5 Rxc3 38. Kh3 Rc2 39. Kg2 Ree2 40. h4 h5 41. Kg1 Rxf2 42. Be4 Rxa2 43. Bd5 Rab2 44. Be4 Rfd2 45. Kf1 Rd1# 0-1